Family law in a nutshell

Bibliographic Details
Main Author: Wragg, Tony (Author)
Format: Book
Published: London : Sweet & Maxwell , c1998
Edition:4th ed.
Series:Nutshells
Subjects:

MARC

LEADER 00000cam a2200000 7i4500
001 0000037372
005 20021119093000.0
008 021119n
020 |a 0421624302 
090 0 0 |a KD750   |b .W7 1998 (D) 
100 0 |a Wragg, Tony ,   |e author 
245 0 0 |a Family law in a nutshell   |c by Tony Wragg 
250 |a 4th ed. 
260 2 |a London :   |b Sweet & Maxwell ,   |c c1998 
300 |a 109 p. ; ;   |c 22 cm. 
440 0 0 |a Nutshells 
504 |a Includes index 
650 0 |a Domestic relations   |z Great Britain 
999 |a 1000082126   |b Book   |c OPEN SHELF (30 DAYS)   |e Gong Badak Campus